Greatest QBs of All Time - Statistics

General Stats
  • This quiz has been taken 43 times
  • The average score is 17 of 25
Answer Stats
# Jersey # Player % Correct
1 12 Tom Brady
100%
2 15 Patrick Mahomes
97%
7 13 Dan Marino
94%
25 10 Eli Manning
94%
4 18 Peyton Manning
94%
3 16, 19 Joe Montana
88%
5 12, 8 Aaron Rodgers
85%
6 9 Drew Brees
79%
15 3 Russell Wilson
79%
8 4 Brett Favre
76%
9 7 John Elway
74%
13 12 Terry Bradshaw
74%
12 7 Ben Roethlisberger
71%
14 19 Johnny Unitas
68%
18 1 Warren Moon
68%
22 9 Matthew Stafford
62%
21 17 Phillip Rivers
59%
10 8 Steve Young
56%
23 9, 10, 13 Vince Young
53%
11 8 Troy Aikman
50%
16 12 Roger Staubach
44%
24 5 Donovan Mcnabb
41%
19 12 Jim Kelly
41%
17 10, 13 Kurt Warner
41%
20 33 Sammy Baugh
32%
No matching quizzes found
Score Distribution
Percent of People with Each Score
Percentile by Number Answered
Your Score History
You have not taken this quiz